LEADER 01343nam 2200433 450 001 9910678160703321 005 20221012210554.0 010 $a1-119-64708-8 010 $a1-119-64705-3 010 $a1-119-64709-6 035 $a(CKB)4100000011248703 035 $a(MiAaPQ)EBC6437587 035 $a(PPN)26013855X 035 $a(EXLCZ)994100000011248703 100 $a20210316d2021 uy 0 101 0 $aeng 135 $aurcnu|||||||| 181 $ctxt$2rdacontent 182 $cc$2rdamedia 183 $acr$2rdacarrier 200 00$aAtlas of clinical dermatopathology $einfectious and parasitic dermatoses /$feditor in chief Gu?nter Burg [and four others] 210 1$aHoboken, NJ :$cWiley Blackwell,$d2021. 215 $a1 online resource (211 pages) 311 $a1-119-64706-1 327 $aBacterial Infections -- Fungal Infections -- Viral Infections -- Parasitoses -- Helminthic Infections (Parasitic Worms) -- Sepsis. 606 $aSkin$xInfections 606 $aSkin$xDiseases 608 $aAtlas 615 0$aSkin$xInfections. 615 0$aSkin$xDiseases. 676 $a616.5 702 $aBurg$b Gu?nter 801 0$bMiAaPQ 801 1$bMiAaPQ 801 2$bMiAaPQ 906 $aBOOK 912 $a9910678160703321 996 $aAtlas of clinical dermatopathology$93069247 997 $aUNINA